Statistics for All English Premier League And First Division Teams Ever

Click here to take the quiz!

General Stats

  • This quiz has been taken 526 times
  • The average score is 52 of 65

Answer Stats

Answer% Correct
Arsenal
99%
Manchester City
98%
Everton
97%
Liverpool
97%
Manchester United
97%
Wolverhampton Wanderers
95%
Aston Villa
95%
Sunderland
95%
Swansea City
95%
Tottenham Hotspur
95%
Chelsea
95%
Newcastle United
95%
Leeds United
94%
Norwich City
94%
West Ham United
94%
Southampton
93%
Leicester City
93%
Nottingham Forest
92%
Watford
92%
West Bromwich Albion
92%
Brighton & Hove Albion
92%
Cardiff City
92%
Huddersfield Town
91%
Queens Park Rangers
91%
Burnley
91%
Derby County
91%
AFC Bournemouth
90%
Fulham
90%
Sheffield United
90%
Hull City
89%
Blackburn Rovers
89%
Sheffield Wednesday
89%
Stoke City
88%
Portsmouth
88%
Birmingham City
88%
Middlesbrough
88%
Crystal Palace
88%
Ipswich Town
88%
Blackpool
86%
Bolton Wanderers
86%
Wimbledon
85%
Reading
83%
Wigan Athletic
83%
Barnsley
81%
Bristol City
78%
Charlton Athletic
78%
Oldham Athletic
77%
Coventry City
77%
Swindon Town
75%
Preston North End
75%
Notts County
69%
Luton Town
65%
Millwall
65%
Bradford City
65%
Oxford United
63%
Brentford
60%
Bury
54%
Accrington
53%
Carlisle United
48%
Northampton Town
45%
Leyton Orient
44%
Grimsby Town
41%
Bradford Park Avenue
26%
Darwen
19%
Glossop North End
16%

Score Distribution

Percentile by Number Answered

Percent of People with Each Score

Your Score History

You have not taken this quiz